|
|
|
|
| LEADER |
00000cam a2200000 7i4500 |
| 001 |
0000000423 |
| 005 |
20000811.0 |
| 020 |
0 |
0 |
|a 9679600521
|
| 090 |
0 |
0 |
|a 634.9285
|b HUS 1995
|
| 100 |
1 |
0 |
|a HUSCH
|h Bertram
|c 1923-
|
| 245 |
1 |
0 |
|a Pengukuran hutan
|c Bertram Husch, Charles I. Miller, Thomas W. Beers; penterjemah Sulong Ibrahim
|
| 250 |
0 |
0 |
|a 3rd ed.
|
| 260 |
0 |
0 |
|a Serdang, Selangor :
|b Penerbit UPM ,
|c 1995
|
| 300 |
|
|
|a 450 p. :
|b ill. ;
|c 24 cm.
|
| 500 |
0 |
0 |
|a Bibliography: [p. 423-443] and index
|
| 650 |
0 |
0 |
|a Forest surveys
|
| 650 |
0 |
0 |
|a Forests and forestry
|x Mensuration
|
| 700 |
0 |
1 |
|a Beers
|h Thomas W.
|
| 700 |
0 |
1 |
|a Miller
|h Charles I.
|
| 700 |
0 |
1 |
|a Sulong Ibrahim
|
| 999 |
|
|
|a 0000001601
|b Monograph
|c Open Shelf
|e Default branch
|